|
|
|
|
| LEADER |
01226nam a2200373 a 4500 |
| 001 |
nkc20122431237 |
| 003 |
CZ PrNK |
| 005 |
20130613080405.0 |
| 007 |
ta |
| 008 |
121206s2013 xr g 000 f cze |
| 015 |
|
|
|a cnb002431237
|
| 020 |
|
|
|a 978-80-242-3869-2
|q (váz.)
|
| 035 |
|
|
|a (OCoLC)847727328
|
| 040 |
|
|
|a OLA001
|b cze
|
| 041 |
1 |
|
|a cze
|h nor
|
| 072 |
|
7 |
|a 821.11
|x Germánské literatury
|2 Konspekt
|9 25
|
| 080 |
|
|
|a 821.113.5-31
|2 MRF
|
| 080 |
|
|
|a (0:82-31)
|2 MRF
|
| 100 |
1 |
|
|a Petterson, Per,
|d 1952-
|7 xx0067241
|4 aut
|
| 245 |
1 |
0 |
|a Na Sibiř /
|c Per Petterson ; [přeložila Jarka Vrbová]
|
| 250 |
|
|
|a Vyd. 1.
|
| 260 |
|
|
|a Praha :
|b Knižní klub,
|c 2013
|
| 300 |
|
|
|a 175 s. ;
|c 21 cm
|
| 500 |
|
|
|a Přeloženo z norštiny
|
| 655 |
|
7 |
|a norské romány
|7 fd132917
|2 czenas
|
| 655 |
|
9 |
|a Norwegian fiction
|2 eczenas
|
| 765 |
0 |
|
|t Til Sibir
|9 Česky
|
| 910 |
2 |
|
|a BOA001
|b 2-1304.550
|
| 928 |
9 |
|
|a Euromedia Group - Knižní klub
|
| 990 |
|
|
|a BK
|
| 995 |
|
|
|a 01
|
| 991 |
|
|
|b 201305
|e b
|
| 996 |
6 |
|
|b 2610548271
|c 2-1304.550
|l MZK
|r Sklad / do 1 hodiny
|n 2
|p p.v.
|w 001325393
|u 000010
|a 1
|e BOA001
|j MZK50
|s P
|
| 996 |
7 |
|
|b 2610553049
|c 2-1304.550
|l MZK
|r Sklad / do 1 hodiny
|n 12
|p kup
|w 001325393
|u 000020
|a 1
|e BOA001
|j MZK50
|s A
|